000 00778cam a2200229 a 4500
001 673114
005 20171221091014.0
008 950928s1996 nyu b 001 0 eng
010 _a 95042188
020 _a087477831X (acidfree paper)
040 _aDLC
_cDLC
_dDLC
041 _aeng
080 _a649.132 GUR
082 0 0 _a649.132 GUR
_220
100 1 _a48
101 _aPSI
245 1 4 _aThe wonder of boys :
_cMichael Gurian.
504 _aIncludes bibliographical references (p. 285-290) and index.
906 _a7
_bcbc
_corignew
_d1
_eocip
_f19
_gy-gencatlg
942 _2ddc
_cBK
999 _c39292
_d39292